000 00328nam a2200145Ia 4500
008 230917s9999||||xx |||||||||||||| ||und||
040 _e147780
_aMAIN
041 _aEnglish
082 _a512.5 H117L
100 _aHadley, G
245 0 _aLinear algebra
260 _aDelhi
_bNarosa
_c1987
300 _aix, 290 p.
942 _cBK
999 _c76939
_d76939